| 000 | 00340nam a22001217a 4500 | ||
|---|---|---|---|
| 020 | _a0321194330 | ||
| 082 |
_222 _a005.8 |
||
| 100 | _aWhittaker, James A and Thompson, Herbert M. | ||
| 245 | _aHow to break software security / | ||
| 260 |
_aBoston, _bPearson Addison Wesley, _cc2004. |
||
| 300 |
_axx, 185p. ; _bill. ; _c23 cm. |
||
| 942 |
_2ddc _cIT |
||
| 999 |
_c2083 _d2083 |
||